[Event "RUS-ch U26"]
[Site "Novokuznetsk"]
[Date "2007.10.25"]
[Round "4"]
[White "Bulushev, Evgeny"]
[Black "Vorobiov, Dmitry"]
[Result "1-0"]
[WhiteElo "2198"]
[BlackElo "2116"]
[PlyCount "82"]
[EventDate "2007.10.22"]
[EventType "swiss"]
[EventRounds "9"]
[EventCountry "RUS"]
[SourceTitle "EXT 2009"]
[Source "ChessBase"]
[SourceDate "2008.11.26"]
[SourceVersion "1"]
[SourceVersionDate "2008.11.26"]
[SourceQuality "1"]

1. d4 Nf6 2. c4 g6 3. Nc3 Bg7 4. e4 0-0 5. Be3 d6 6. f3 e5 7. Nge2 c6 8. Qd2 Nbd7 9. d5 cxd5 10. cxd5 a5 11. Nc1 b6 12. Bb5 Ba6 13. Bxa6 Rxa6 14. 0-0 Nh5 15. Nd3 f5 16. Rab1 Nhf6 17. b4 fxe4 18. fxe4 Ng4 19. Bg5 Rxf1+ 20. Rxf1 Bf6 21. Bxf6 Ngxf6 22. Qe3 Nf8 23. Nb5 Ne8 24. a3 Qd7 25. Qf2 Qe7 26. Kh1 h6 27. h3 Kg7 28. Rc1 Qd7 29. Rc6 Qd8 30. Kg1 a4 31. Nb2 Nh7 32. Nc4 Ng5 33. Ncxd6 Nxd6 34. Nxd6 Ra7 35. Qxb6 Qxb6+ 36. Rxb6 Rd7 37. b5 h5 38. Rc6 Kf8 39. h4 Nh7 40. Nc4 Rb7 41. b6 Ke8 1-0